[Event "SUI-ch op2"]
[Site "Luzern"]
[Date "1994.07.17"]
[Round "2"]
[White "Kruettli, Markus"]
[Black "Trachsel, Peter"]
[Result "0-1"]
[WhiteElo "1726"]
[BlackElo "1807"]
[PlyCount "26"]
[EventDate "1994.07.16"]
[EventType "swiss"]
[EventRounds "7"]
[EventCountry "SUI"]
[SourceTitle "EXT 1999"]
[Source "ChessBase"]
[SourceDate "1998.11.16"]
[SourceVersion "1"]
[SourceVersionDate "1998.11.16"]
[SourceQuality "1"]

1. d4 d5 2. Nf3 c6 3. e3 Bf5 4. c4 e6 5. Qb3 Qc7 6. Ne5 Nd7 7. f4 Be7 8. Nd2 Ngf6 9. Ndf3 Ne4 10. Nxd7 Qxd7 11. Ne5 Qc7 12. Nf3 Bg4 13. Nd2 Bh4+ 0-1